00716 2200265 4500001002100000005001700021008004100038020001800079035002400097082001000121090001500131100002500146245008100171250001000252260002700262300002400289500003300313650002400346700001800370850001500388980001100403985000600414999001500420999001500435YOGYA-0209000003827620090227025340.0 ind  a979-731-920-2 0010-020900000038276 a248.8 a248bKai L aKAISER Jr., Welter C aLawatan yang memulihkancoleh Welter C. Kaiser Jr.; penerjemah, Dono Sumardi aCet.1 aYogyakartabAndic2004 axii, 276 hlmc23 cm aJudul asli : Rivive us again aKehidupan Kristiani aSunardi, Dono aYOPDYOG(B) a030506 a2 a05B0009859 a05B0009860